000 00711nam a22002297a 4500
003 UA-OsUOA
001 78359
007 ta
008 20111011b un ||||| |||| 00| 0 ukr d
100 _aЧужиков В.
700 _aНужненко К.
090 _a330(477)
_bЧ-86
942 _cSA
040 _aUA-OsUOA
_bukr
_cUA-OsUOA
_dUA-OsUOA
245 _aСоціальні потоки у глобальному економічному середовищі: освітній аспект
300 _aС.14-18
955 _a0
041 _aukr
080 _a330(477)
773 0 _w78357
_tУкраїна: аспекти праці
_dК.
_d2011
_g6
650 7 _a330 Економіка взагалі
_2UDC
999 _c364665
_d364665